Statistics for World Leaders Quiz #2

Click here to take the quiz!

General Stats

  • This quiz has been taken 22,859 times
    (8,152 since last reset)
  • The average score is 11 of 23

Answer Stats

PositionYearsAnswer% Correct
Pope2013–Francis
92%
Pope1978–2005John Paul II
82%
President of Ukraine2019–Volodymyr Zelensky
79%
Pope2005–2013Benedict XVI
74%
President of Turkey2014–Recep Tayyip
Erdoğan
72%
President of Brazil2019–2022Jair Bolsonaro
59%
President of Brazil
2023–
2003–2010
Luiz Inácio Lula
da Silva
58%
President of Venezuela1999–2013Hugo Chavez
56%
President of the
Palestine Authority
1994–2004Yasser Arafat
51%
President of Venezuela2013–Nicolás Maduro
47%
President of Egypt1981–2011Hosni Mubarak
45%
President of Argentina1946–1955Juan Perón
44%
President of Argentina2023–Javier Milei
38%
President of Egypt2014–Abdel Fattah el-Sisi
34%
President of the Philippines2022–Bongbong Marcos
33%
King of Saudi Arabia2005–2015Abdullah
30%
King of Saudi Arabia2015–Salman
29%
President of the Philippines2016–2022Rodrigo Duterte
28%
President of the
Palestine Authority
2005–Mahmoud Abbas
27%
President of South Korea1963–1979Park Chung-hee
23%
President of Argentina2007–2015Cristina Fernández
de Kirchner
21%
President of Nicaragua1979–1990,
2007–
Daniel Ortega
21%
President of El Salvador2019–Nayib Bukele
21%

Score Distribution

Percentile by Number Answered

Percent of People with Each Score

Your Score History

You have not taken this quiz since the last reset